| 000 | 00561nam a22001937a 4500 | ||
|---|---|---|---|
| 003 | OSt | ||
| 005 | 20130510105629.0 | ||
| 008 | 130510s2005 sp ||||| |||| 00| 0 cat d | ||
| 020 | _a8493335150 | ||
| 040 | _cCDMR | ||
| 100 | 1 |
_93394 _aTresserras, Miquel |
|
| 245 | 1 | 3 |
_aLa ciutat de risc _b: el prodigi de la televisió i altres tecnologies _cMiquel Tresserras |
| 260 |
_aBarcelona _bTrípodos _c2005 |
||
| 300 | _a259 p. | ||
| 490 | 0 |
_aPapers d'Estudi _v14 |
|
| 650 | 0 | 4 |
_93121 _aTeleespectadors |
| 650 | 0 | 4 |
_91190 _aTelevisió _xAspectes socials |
| 942 |
_2udc _cMON |
||
| 999 |
_c6215 _d6215 |
||